[Event "ICS rated bullet match"]
[Site "207.99.83.229"]
[Date "1999.06.07"]
[Round "?"]
[White "JSBach"]
[Black "Hossa"]
[Result "0-1"]
[WhiteElo "2108"]
[BlackElo "2420"]
[PlyCount "136"]

1. d4 Nf6 2. Bf4 e6 3. Nf3 Be7 4. e3 O-O 5. Be2 Nh5 6. Be5 d6 7. Ng1 dxe5 8.
Bxh5 exd4 9. exd4 Qd5 10. Bf3 Qb5 11. b3 e5 12. Nc3 Qa5 13. Nge2 exd4 14. Qxd4
Rd8 15. Qe4 Bf6 16. b4 Qa3 17. Nb5 Qa4 18. Nec3 Bxc3+ 19. Nxc3 Qe8 20. Rd1
Rxd1+ 21. Nxd1 Qxe4+ 22. Bxe4 a5 23. b5 Nd7 24. Rf1 Nc5 25. Bf3 Be6 26. a3 Bc4
27. Be2 Re8 28. Ne3 Be6 29. c4 Nb3 30. a4 Nc1 31. Bf3 Bxc4 32. Rg1 Bb3 33. Kd2
Na2 34. Ra1 Rd8+ 35. Ke1 Rd4 36. Bxb7 Rxa4 37. Rb1 Be6 38. Rd1 f6 39. Rd8+ Kf7
40. Kd2 Rb4 41. Bc6 Rb2+ 42. Nc2 Bf5 43. Rd7+ Bxd7 44. Bxd7 Nb4 45. Bf5 Nxc2
46. Bxc2 h5 47. f4 Rxb5 48. Be4 Ke6 49. f5+ Ke5 50. Bc6 Rb2+ 51. Kd3 Kxf5 52.
Kc3 Rb6 53. Bf3 h4 54. Bd5 Ke5 55. Kc4 Kd6 56. Bf3 Rb4+ 57. Kd3 h3 58. Ke3 Rb3+
59. Ke4 hxg2 60. Bxg2 a4 61. Kf4 a3 62. Kf5 Rb5+ 63. Kf4 a2 64. Bf1 Rb4+ 65.
Kf5 a1=Q 66. Bd3 Qg1 67. Bc4 Rxc4 68. h3 68... Qb1# {JSBach checkmated} 0-1

[Event "ICS rated bullet match"]
[Site "207.99.83.229"]
[Date "1999.06.07"]
[Round "?"]
[White "Hossa"]
[Black "JSBach"]
[Result "1-0"]
[WhiteElo "2425"]
[BlackElo "2106"]
[PlyCount "57"]

1. d4 d5 2. c4 dxc4 3. Nf3 Bd7 4. e4 Bc6 5. d5 Bb5 6. Na3 c6 7. Bxc4 Bxc4 8.
Nxc4 cxd5 9. exd5 Nf6 10. Ne3 Nbd7 11. Qa4 a6 12. O-O b5 13. Qd4 Nb6 14. Rd1
Rc8 15. b3 Qc7 16. Bd2 Qc5 17. Qxc5 Rxc5 18. Ba5 Nbxd5 19. b4 Rc7 20. Bxc7 Nxc7
21. Rac1 e6 22. Rxc7 Nd5 23. Nxd5 exd5 24. Rxd5 g6 25. Ra7 Rg8 26. Nd4 f6 27.
Nc6 Bd6 28. Rxd6 h5 29. Rd8# {JSBach checkmated} 1-0

[Event "ICS Rated standard match"]
[Site "207.99.83.229"]
[Date "1999.06.07"]
[Round "?"]
[White "Brookie"]
[Black "Hossa"]
[Result "0-1"]
[WhiteElo "1880"]
[BlackElo "2225"]
[PlyCount "66"]

1. d4 Nf6 2. c4 c5 3. d5 b5 4. cxb5 a6 5. e3 g6 6. Nf3 Bg7 7. Nc3 O-O 8. a4 e6
9. dxe6 fxe6 10. Qd6 Bb7 11. Qxc5 Bxf3 12. gxf3 Ne8 13. Bg2 Rf5 14. Qb4 axb5
15. Nxb5 Qg5 16. O-O Rxb5 17. Qc4 Rc5 18. Qb4 Nc6 19. Qb7 Qd8 20. Rd1 d5 21. e4
Rb8 22. Qa6 Bxb2 23. Be3 d4 24. Ra2 Qf6 25. Bd2 Bc3 26. Bxc3 Rxc3 27. Rad2 e5
28. a5 d3 29. Rxd3 Nc7 30. Rd8+ Rxd8 31. Rxd8+ Qxd8 32. Qb7 Rc1+ 33. Bf1 33...
Qg5+ {Brookie resigns} 0-1

[Event "ICS rated standard match"]
[Site "207.99.83.229"]
[Date "1999.06.07"]
[Round "?"]
[White "Alex72"]
[Black "Hossa"]
[Result "1/2-1/2"]
[WhiteElo "2061"]
[BlackElo "2233"]
[PlyCount "108"]

1. e4 Nf6 2. e5 Nd5 3. Nf3 d6 4. c4 Nb6 5. exd6 Qxd6 6. Be2 Be6 7. b3 Bg4 8.
Ba3 Qf6 9. d4 Nc6 10. Bb2 O-O-O 11. Nbd2 Bxf3 12. Nxf3 e5 13. d5 Bb4+ 14. Nd2
Qf4 15. g3 Bxd2+ 16. Qxd2 Qxd2+ 17. Kxd2 Nd4 18. Bg4+ Kb8 19. Bxd4 exd4 20. Kd3
c6 21. dxc6 bxc6 22. b4 Na4 23. Bf3 Nb2+ 24. Kc2 Nxc4 25. Bxc6 Rd6 26. b5 Ne5
27. Rab1 Kc7 28. f4 Nxc6 29. bxc6 Kxc6 30. Kd3 Re8 31. Rhe1 Rxe1 32. Rxe1 Kc5
33. Re7 Ra6 34. Rxf7 g6 35. Rc7+ Kd5 36. Rd7+ Ke6 37. Rxh7 Rxa2 38. Kxd4 Ra4+
39. Ke3 Ra3+ 40. Ke4 a5 41. Ra7 Ra4+ 42. Kf3 Ra2 43. Ra6+ Kf7 44. h4 Ra3+ 45.
Kg4 Kg7 46. Ra7+ Kg8 47. Kg5 Rxg3+ 48. Kf6 Rg4 49. Rxa5 Rxh4 50. Kxg6 Rxf4 51.
Ra8+ Rf8 52. Ra7 Rf4 53. Ra8+ Rf8 54. Rxf8+ 54... Kxf8 {
Game drawn because neither player has mating material} 1/2-1/2

[Event "ICS rated standard match"]
[Site "207.99.83.229"]
[Date "1999.06.07"]
[Round "?"]
[White "Hossa"]
[Black "newfisher"]
[Result "1-0"]
[WhiteElo "2226"]
[BlackElo "2010"]
[PlyCount "83"]

1. e4 c6 2. d4 d5 3. e5 e6 4. Nf3 Nd7 5. Be2 Ne7 6. Bg5 Qb6 7. b3 f6 8. exf6
gxf6 9. Be3 Nf5 10. O-O e5 11. c4 Nxe3 12. fxe3 Bh6 13. Qd2 c5 14. Qc3 Qb4 15.
Kf2 Qxc3 16. Nxc3 Bxe3+ 17. Kxe3 cxd4+ 18. Nxd4 exd4+ 19. Kxd4 dxc4 20. Bxc4
Kd8 21. Be6 Rf8 22. Nd5 Nb6 23. Bxc8 Rxc8 24. Rxf6 Rxf6 25. Nxf6 Rc2 26. Nxh7
Rxg2 27. Rh1 Rxa2 28. Ng5 Rd2+ 29. Ke4 Nd7 30. Ne6+ Ke7 31. Ke3 Rb2 32. Nd4 a5
33. Kd3 Ne5+ 34. Kc3 Rg2 35. Re1 Kd6 36. Nf5+ Ke6 37. Nh4 Rg8 38. Nf3 Rc8+ 39.
Kd4 Rd8+ 40. Kc5 Rd5+ 41. Kb6 Rd6+ 42. Kxa5 {newfisher resigns} 1-0

[Event "ICS rated blitz match"]
[Site "207.99.83.229"]
[Date "1999.06.07"]
[Round "?"]
[White "VESta"]
[Black "Hossa"]
[Result "0-1"]
[WhiteElo "2386"]
[BlackElo "2675"]
[PlyCount "88"]

1. d4 d5 2. c4 e6 3. Nf3 Nf6 4. Nc3 Bb4 5. cxd5 exd5 6. g3 O-O 7. Bg2 Ne4 8.
Qb3 Bxc3+ 9. bxc3 Nc6 10. O-O Na5 11. Qc2 Nc4 12. Ne5 Nxe5 13. dxe5 Bf5 14. Qb3
Re8 15. c4 dxc4 16. Qxc4 Rxe5 17. Bf4 Nd6 18. Qc3 Re7 19. Rfd1 Be4 20. Bxe4
Rxe4 21. Qd3 Qe7 22. Bxd6 cxd6 23. e3 Rd8 24. Rab1 b6 25. Qd5 Re5 26. Qc6 Rc5
27. Qa4 Rdc8 28. Rd2 R8c6 29. Rbd1 Rc4 30. Qa3 Rc3 31. Qb2 R3c5 32. a4 Qe6 33.
Qd4 Rc4 34. Qa1 Qe7 35. a5 b5 36. Rd5 a6 37. Qa3 Ra4 38. Qd3 Rxa5 39. Qf5 h6
40. R1d4 Ra1+ 41. Kg2 Rac1 42. Re4 Qf8 43. Qd7 Rc8 44. Rxd6 44... R1c7 {
VESta resigns} 0-1

[Event "ICS Rated standard match"]
[Site "207.99.83.229"]
[Date "1999.06.07"]
[Round "?"]
[White "Brookie"]
[Black "Hossa"]
[Result "0-1"]
[WhiteElo "1872"]
[BlackElo "2233"]
[PlyCount "37"]

1. d4 Nf6 2. c4 c5 3. d5 b5 4. cxb5 a6 5. e3 g6 6. Nf3 Bg7 7. Nc3 O-O 8. a4 e6
9. dxe6 fxe6 10. Qd6 Bb7 11. Qxc5 Bxf3 12. gxf3 Ne8 13. Bg2 Rf5 14. Qb4 axb5
15. Nxb5 Qg5 16. Bf1 Nc6 17. Qg4 Qe7 18. Be2 Ne5 19. Qe4 {Brookie resigns} 0-1

[Event "ICS rated standard match"]
[Site "207.99.83.229"]
[Date "1999.06.07"]
[Round "?"]
[White "Hossa"]
[Black "TheComputer"]
[Result "0-1"]
[WhiteElo "2237"]
[BlackElo "2692"]
[PlyCount "65"]

1. e4 e6 2. d3 c5 3. Be2 d5 4. Nf3 Nc6 5. O-O Nf6 6. exd5 exd5 7. d4 Be6 8. Nc3
h6 9. Re1 Be7 10. dxc5 Bxc5 11. Na4 Bd6 12. Qd3 O-O 13. Nc3 Rc8 14. Nd4 Nxd4
15. Qxd4 Bf5 16. Qxa7 Qc7 17. h4 Bc5 18. Qa4 Rfe8 19. Rf1 Qg3 20. Bf3 Be4 21.
Nxe4 dxe4 22. Be2 Qxh4 23. Qb3 e3 24. fxe3 Bd6 25. Rf5 Qh2+ 26. Kf1 Qh1+ 27.
Kf2 Ne4+ 28. Kf3 Qe1 29. Qxf7+ Kh7 30. Qxg7+ Kxg7 31. Bb5 Qf2+ 32. Kg4 Qxg2+
33. Kh4 {Hossa resigns} 0-1

[Event "ICS rated standard match"]
[Site "207.99.83.229"]
[Date "1999.06.07"]
[Round "?"]
[White "Hossa"]
[Black "Alex72"]
[Result "1-0"]
[WhiteElo "2235"]
[BlackElo "2068"]
[PlyCount "114"]

1. d4 Nf6 2. c4 g6 3. Nc3 Bg7 4. e4 d6 5. Nf3 Nbd7 6. Be2 O-O 7. O-O c6 8. Bg5
h6 9. Bf4 Nh5 10. Bd2 e5 11. dxe5 dxe5 12. Qc1 Kh7 13. Rd1 Qc7 14. Be3 Nf4 15.
Bf1 f6 16. Bxf4 exf4 17. Nd4 Re8 18. Qc2 Ne5 19. Qd2 a6 20. Qxf4 g5 21. Qd2 Bg4
22. Be2 Bxe2 23. Qxe2 Rad8 24. Nf5 Rxd1+ 25. Rxd1 Rd8 26. c5 Rxd1+ 27. Qxd1 Qd7
28. Qd6 Qxd6 29. cxd6 Bf8 30. Ne2 Kg6 31. f4 gxf4 32. Nxf4+ Kf7 33. Kf2 Ke8 34.
Ne6 Bxd6 35. Nxd6+ Kd7 36. Nxb7 Kxe6 37. Nc5+ Kd6 38. b4 h5 39. Nxa6 Nc4 40.
Kg3 Ke5 41. Nb8 Kxe4 42. Nxc6 Nd6 43. Kh4 Kd5 44. Na5 Nb5 45. Kxh5 Nc3 46. a3
Nb1 47. Kg6 Ke6 48. b5 Nxa3 49. b6 Kd6 50. Kxf6 Nb5 51. g4 Nd4 52. h4 Nf3 53.
g5 Ne5 54. Nb7+ Kd5 55. g6 Nd7+ 56. Kf5 Nxb6 57. g7 57... Nc8 {Alex72 resigns}
1-0

[Event "ICS rated standard match"]
[Site "207.99.83.229"]
[Date "1999.06.07"]
[Round "?"]
[White "Mofongo"]
[Black "Hossa"]
[Result "1-0"]
[WhiteElo "2403"]
[BlackElo "2244"]
[PlyCount "112"]

1. e4 e6 2. d4 c5 3. d5 d6 4. c4 exd5 5. cxd5 f5 6. Nc3 fxe4 7. Nxe4 Nf6 8.
Nxf6+ Qxf6 9. Nf3 Be7 10. Bb5+ Nd7 11. O-O O-O 12. Bd3 h6 13. Qb3 Nb6 14. Bd2
Bg4 15. Bc3 Qf7 16. Be4 Rae8 17. Rae1 Bf5 18. Bxf5 Qxf5 19. Rd1 Bf6 20. Bxf6
Rxf6 21. Qa3 Qg4 22. Qxa7 Rg6 23. g3 Nc8 24. Qa3 Rf8 25. Nd2 Rg5 26. Qb3 Qh3
27. f4 Rh5 28. Rf2 Qd7 29. Ne4 b6 30. Rg2 Qh3 31. Qb5 Qg4 32. Rdd2 Qg6 33. g4
Rh3 34. f5 Qf7 35. Rd3 Rh4 36. h3 Qc7 37. Qc6 Qe7 38. Re2 Qd8 39. Rde3 Kh7 40.
Nd2 Na7 41. Qb7 Nc8 42. Kg2 h5 43. f6 Qxf6 44. Rf3 Qd8 45. Rxf8 Qxf8 46. Nf3
Rxh3 47. Ng5+ Kg6 48. Nxh3 hxg4 49. Ng1 Kh7 50. Qd7 Qg8 51. Qxg4 g6 52. Qd7+
Kh6 53. Re8 Qxe8 54. Qxe8 Na7 55. Nf3 g5 56. Qf7 56... Nc6 {Hossa resigns} 1-0

[Event "ICS Rated standard match"]
[Site "207.99.83.229"]
[Date "1999.06.07"]
[Round "?"]
[White "Hossa"]
[Black "WILDKNIGHTS"]
[Result "1-0"]
[WhiteElo "2235"]
[BlackElo "1888"]
[PlyCount "37"]

1. e4 d5 2. exd5 Nf6 3. Bb5+ Bd7 4. Bc4 Bg4 5. f3 Bf5 6. Nc3 Nbd7 7. Qe2 Nb6 8.
Bb3 Nbxd5 9. Nxd5 Nxd5 10. Qb5+ c6 11. Qxb7 Rc8 12. Qxa7 Nb4 13. d3 e6 14. Ne2
Bd6 15. O-O Bxd3 16. cxd3 Nxd3 17. Be3 Nxb2 18. Qd4 Nd3 19. Rad1 {
WILDKNIGHTS resigns} 1-0

[Event "ICS rated bullet match"]
[Site "207.99.83.229"]
[Date "1999.06.07"]
[Round "?"]
[White "JJcool"]
[Black "Hossa"]
[Result "1-0"]
[WhiteElo "2017"]
[BlackElo "2429"]
[PlyCount "137"]

1. e4 e5 2. Nf3 Nc6 3. Bb5 a6 4. Ba4 Nf6 5. O-O Be7 6. Re1 b5 7. Bb3 O-O 8. c3
d5 9. exd5 Nxd5 10. Nxe5 Nxe5 11. Rxe5 c6 12. d4 Bd6 13. Re1 Qh4 14. g3 Qh3 15.
Be3 Bg4 16. Qd3 Bf3 17. Qf1 Qxf1+ 18. Kxf1 Bg4 19. Nd2 Bh3+ 20. Kg1 Rae8 21. a4
b4 22. Nc4 Bc7 23. Bd2 Rb8 24. Bc2 bxc3 25. bxc3 a5 26. Ne5 Bxe5 27. Rxe5 Rb2
28. Rc1 f5 29. f3 Kh8 30. Be1 Kg8 31. c4 Nb4 32. Bb1 Na2 33. Rd1 Rg2+ 34. Kh1
Rb2 35. Bd3 Bg2+ 36. Kg1 Bxf3 37. Rd2 Rxd2 38. Bxd2 Nb4 39. Bxf5 Ra8 40. Rc5
Kh8 41. Kf2 Bh1 42. Bc3 h6 43. Re5 Kg8 44. g4 g6 45. Bxg6 Kg7 46. Bf5 Rf8 47.
Re7+ Rf7 48. d5+ Kg8 49. Rxf7 Kxf7 50. d6 c5 51. d7 Nc6 52. Bxa5 Ke7 53. Bb6
Nd8 54. Bxc5+ Kf6 55. Be3 h5 56. Bb6 Ke7 57. Bxd8+ Kxd8 58. gxh5 Bc6 59. h6 Ke7
60. h7 Bxd7 61. Bxd7 Kxd7 62. h8=Q Ke6 63. a5 Kd6 64. a6 Kc5 65. a7 Kb4 66.
a8=Q Kc5 67. Qd5+ Kb6 68. Qb8+ Ka6 69. Qda8# {Hossa checkmated} 1-0

[Event "ICS rated standard match"]
[Site "207.99.83.229"]
[Date "1999.06.07"]
[Round "?"]
[White "Alex72"]
[Black "Hossa"]
[Result "0-1"]
[WhiteElo "2053"]
[BlackElo "2239"]
[PlyCount "66"]

1. e4 e5 2. Nf3 Nc6 3. Bb5 a6 4. Ba4 Nf6 5. O-O Be7 6. d3 d6 7. c3 O-O 8. Re1
b5 9. Bc2 d5 10. exd5 Qxd5 11. Bg5 Bg4 12. Nbd2 Rad8 13. Bxf6 Bxf6 14. Ne4 Be7
15. h3 Bh5 16. g4 Bg6 17. Qe2 Kh8 18. Rad1 f5 19. c4 Qd7 20. cxb5 axb5 21. Neg5
fxg4 22. Nxe5 Nxe5 23. Qxe5 Bf6 24. Qe3 Bd4 25. Qe6 Bxf2+ 26. Kh1 Bxe1 27. Rxe1
Rfe8 28. Bb3 Rxe6 29. Rxe6 Qxd3 30. hxg4 Qf1+ 31. Kh2 Rd2+ 32. Kg3 Qf2+ 33. Kh3
33... Qh2# {Alex72 checkmated} 0-1

[Event "ICS rated standard match"]
[Site "207.99.83.229"]
[Date "1999.06.07"]
[Round "?"]
[White "Hossa"]
[Black "deck"]
[Result "1-0"]
[WhiteElo "2247"]
[BlackElo "2229"]
[PlyCount "75"]

1. e4 d6 2. d4 Nf6 3. f3 g6 4. c4 c5 5. dxc5 Qa5+ 6. Kf2 Qxc5+ 7. Be3 Qa5 8.
Nd2 Nc6 9. c5 Bg7 10. Nc4 Qd8 11. cxd6 O-O 12. e5 Ne8 13. Bg5 f6 14. Bh4 g5 15.
Qb3 Nd4 16. Qc3 fxe5 17. Bxg5 Nxd6 18. Nxd6 Qxd6 19. Bc4+ Kh8 20. Re1 b5 21.
Bb3 Bb7 22. Bxe7 Qxe7 23. Qxd4 Rad8 24. Qxa7 Rd2+ 25. Re2 Rd7 26. Qe3 e4 27.
Kf1 Rd3 28. Qxd3 exd3 29. Rxe7 Ba6 30. Rd7 Bxb2 31. Rd6 Ra8 32. Nh3 b4 33. Nf2
d2+ 34. Kg1 Bc3 35. Ne4 Be2 36. Nxd2 Bxd2 37. Rxd2 Bb5 38. Rd4 {deck resigns}
1-0

[Event "ICS rated standard match"]
[Site "207.99.83.229"]
[Date "1999.06.08"]
[Round "?"]
[White "RagingInferno"]
[Black "Hossa"]
[Result "0-1"]
[WhiteElo "2102"]
[BlackElo "2258"]
[PlyCount "39"]

1. e4 e5 2. Nc3 Nf6 3. f4 Nc6 4. fxe5 Nxe5 5. d4 Nc6 6. Bg5 Be7 7. Bc4 Nxe4 8.
Bxe7 Qxe7 9. Nge2 Qh4+ 10. g3 Nxc3 11. bxc3 Qe4 12. O-O Ne5 13. Bb3 Nf3+ 14.
Kf2 Nxh2 15. Re1 Ng4+ 16. Kg1 Qe3+ 17. Kg2 Qf2+ 18. Kh3 d6 19. Nf4+ Ne3+ 20. g4
{RagingInferno resigns} 0-1

[Event "ICS rated standard match"]
[Site "207.99.83.229"]
[Date "1999.06.08"]
[Round "?"]
[White "Hossa"]
[Black "RagingInferno"]
[Result "1-0"]
[WhiteElo "2263"]
[BlackElo "2070"]
[PlyCount "59"]

1. e4 c5 2. Nf3 d6 3. d4 cxd4 4. Nxd4 Nf6 5. Nc3 g6 6. Be3 Bg7 7. f3 O-O 8. Qd2
Nc6 9. Bc4 Bd7 10. O-O-O Rc8 11. Nxc6 Bxc6 12. Be2 a5 13. Bh6 a4 14. Bxg7 Kxg7
15. Qg5 a3 16. bxa3 h6 17. Qf4 Qa5 18. Nb1 Ba4 19. Bd3 Rc5 20. Rd2 Rfc8 21. Qe3
d5 22. e5 Nd7 23. e6 Nb6 24. exf7 Kxf7 25. Qxh6 Nc4 26. Bxg6+ Kf6 27. Be8+ Kf5
28. g4+ Ke5 29. Re1+ Ne3 30. Rxe3# {RagingInferno checkmated} 1-0

[Event "ICS Rated standard match"]
[Site "207.99.83.229"]
[Date "1999.06.08"]
[Round "?"]
[White "tol4511"]
[Black "Hossa"]
[Result "1-0"]
[WhiteElo "2299"]
[BlackElo "2268"]
[PlyCount "108"]

1. d4 Nf6 2. c4 c5 3. d5 b5 4. cxb5 a6 5. f3 axb5 6. e4 Ra5 7. Na3 Ba6 8. e5
Nh5 9. Bd2 b4 10. Nc4 Bxc4 11. Bxc4 e6 12. g3 exd5 13. Bxd5 Qe7 14. Qe2 c4 15.
Qxc4 Rc5 16. Qe4 f5 17. exf6 Nxf6 18. Qxe7+ Bxe7 19. Bb3 Ra5 20. Ne2 d5 21. O-O
O-O 22. Rac1 Na6 23. Rfe1 Nc5 24. Nd4 Nxb3 25. Nxb3 Rxa2 26. Rxe7 Rxb2 27. Re3
Re8 28. Rce1 Rb8 29. Ra1 Re8 30. Rd3 Re2 31. Rd1 Re7 32. Nd4 Re8 33. Ra1 Nd7
34. Re3 Rxe3 35. Bxe3 b3 36. Bc1 Ra2 37. Nxb3 Rxa1 38. Nxa1 Ne5 39. Kg2 Kf7 40.
Nb3 Nc4 41. Nd4 Kf6 42. f4 h5 43. Kf3 Nd6 44. Bb2 Nc4 45. Bc3 g6 46. Ke2 Nb6
47. Kd3 Kf7 48. Nf3 Ke6 49. Ne5 Kf5 50. Ba5 Na4 51. Kd4 Kf6 52. Kxd5 Kf5 53. h4
Nb2 54. Bc3 54... Nd1 {Hossa resigns} 1-0

[Event "ICS Rated standard match"]
[Site "207.99.83.229"]
[Date "1999.06.08"]
[Round "?"]
[White "Hossa"]
[Black "Idiota"]
[Result "1-0"]
[WhiteElo "2272"]
[BlackElo "2035"]
[PlyCount "67"]

1. d4 Nf6 2. c4 e5 3. dxe5 Ng4 4. Qd4 d6 5. exd6 Bxd6 6. Qe4+ Qe7 7. Qxe7+ Bxe7
8. Bf4 Bf6 9. Nc3 Bxc3+ 10. bxc3 c6 11. f3 Nf6 12. Bd6 Nbd7 13. e4 Kd8 14.
O-O-O Ne8 15. c5 Ndf6 16. Bc4 Be6 17. Bxe6 fxe6 18. Nh3 Kd7 19. Rhe1 Nh5 20.
Ng5 b5 21. g4 Nhf6 22. Nf7 Rg8 23. Ne5+ Kc8 24. Nxc6 Rh8 25. Nd4 a6 26. Nxe6
Kb7 27. Be5 Rg8 28. Nd8+ Kc8 29. Nc6 Kb7 30. Ne7 Rf8 31. g5 Ka7 32. gxf6 Nxf6
33. Rg1 a5 34. Rxg7 {Idiota resigns} 1-0

[Event "ICS rated blitz match"]
[Site "207.99.83.229"]
[Date "1999.06.08"]
[Round "?"]
[White "Hossa"]
[Black "Fioro"]
[Result "1/2-1/2"]
[WhiteElo "2686"]
[BlackElo "2400"]
[PlyCount "85"]

1. e4 c5 2. Nf3 d6 3. d4 cxd4 4. Nxd4 Nf6 5. Nc3 Nc6 6. Be3 Ng4 7. Nxc6 bxc6 8.
Bc1 Qb6 9. Qf3 g6 10. Be2 Bg7 11. O-O O-O 12. Rb1 Nf6 13. Be3 Qc7 14. Qg3 a5
15. Qh4 Ba6 16. Bxa6 Rxa6 17. Bh6 Rb6 18. Bxg7 Kxg7 19. a3 Rfb8 20. b3 d5 21.
Rbe1 e6 22. e5 Nd7 23. f4 c5 24. Rf3 c4 25. Rh3 h5 26. bxc4 Qxc4 27. Rd1 Rb2
28. Qf2 Qc5 29. Qxc5 Nxc5 30. Rc1 Rc8 31. Rf3 Ne4 32. Nxe4 dxe4 33. Re3 Rc4 34.
h3 Kf8 35. h4 Ke7 36. Kh2 Kd7 37. Rd1+ Ke7 38. Rc1 Ke8 39. Re2 Ra2 40. Re3 Rb2
41. Re2 Ra2 42. Re3 Rb2 43. Re2 {Game drawn by repetition} 1/2-1/2

[Event "ICS rated standard match"]
[Site "207.99.83.229"]
[Date "1999.06.08"]
[Round "?"]
[White "Pinhead"]
[Black "Hossa"]
[Result "0-1"]
[WhiteElo "1975"]
[BlackElo "2279"]
[PlyCount "72"]

1. e4 e5 2. Nf3 Nc6 3. Bb5 a6 4. Bxc6 dxc6 5. O-O f6 6. d4 Bg4 7. dxe5 Qxd1 8.
Rxd1 fxe5 9. Rd3 Bd6 10. Nfd2 Nf6 11. Nc4 Nxe4 12. Nxd6+ Nxd6 13. f3 Bf5 14.
Re3 O-O-O 15. Rxe5 Nc4 16. Re1 Rhe8 17. Rxe8 Rxe8 18. Kf2 Bxc2 19. b3 Bxb1 20.
Rxb1 Ne5 21. Bg5 Nd3+ 22. Kg3 Re1 23. Rxe1 Nxe1 24. Be7 Nd3 25. Bf8 g6 26. Bh6
c5 27. h4 c4 28. bxc4 Ne5 29. c5 Nd3 30. Be3 Nb4 31. a4 Nd5 32. Bd4 b6 33. cxb6
Nxb6 34. a5 Nc4 35. Bc3 Ne3 36. Kf2 36... Nd1+ {Pinhead resigns} 0-1

[Event "ICS Rated blitz match"]
[Site "207.99.83.229"]
[Date "1999.06.08"]
[Round "?"]
[White "nudode"]
[Black "Hossa"]
[Result "1-0"]
[WhiteElo "2618"]
[BlackElo "2689"]
[PlyCount "98"]

1. e4 e5 2. f4 exf4 3. Nf3 Bd6 4. d4 h6 5. e5 Bb4+ 6. c3 Ba5 7. a4 c6 8. Bxf4
Ne7 9. Bd3 Nd5 10. Bd2 d6 11. O-O dxe5 12. Nxe5 O-O 13. Na3 Nd7 14. Ng4 Qh4 15.
Nxh6+ gxh6 16. g3 Qe7 17. Qg4+ Kh8 18. Qh5 Kg8 19. Bxh6 f5 20. Rae1 Qf7 21.
Qg5+ Kh8 22. Rxf5 N7f6 23. Rxf6 Qxf6 24. Qxf6+ Nxf6 25. Bxf8 Bh3 26. Bd6 Bd8
27. Nc4 Kg8 28. Bf4 b6 29. Bh6 c5 30. Re5 Kh8 31. dxc5 bxc5 32. Be3 Bd7 33. a5
a6 34. Bxc5 Bb5 35. Bd4 Rb8 36. b3 Kg7 37. Rg5+ Kf8 38. Be5 Ra8 39. Nb6 Ra7 40.
Bd6+ Kf7 41. Bxb5 axb5 42. Bb4 Bxb6+ 43. axb6 Ra1+ 44. Kg2 Ra2+ 45. Kh3 Ra8 46.
b7 Rb8 47. Rxb5 Ne8 48. c4 Nc7 49. Bd6 49... Rh8+ {Hossa resigns} 1-0

[Event "ICS rated blitz match"]
[Site "207.99.83.229"]
[Date "1999.06.08"]
[Round "?"]
[White "Amateur"]
[Black "Hossa"]
[Result "1-0"]
[WhiteElo "2603"]
[BlackElo "2658"]
[PlyCount "237"]

1. e4 e5 2. Nf3 Nc6 3. Bb5 a6 4. Ba4 Nf6 5. O-O Be7 6. d3 d6 7. c3 O-O 8. Bxc6
bxc6 9. Qa4 c5 10. Nbd2 Bg4 11. Re1 Qd7 12. Qxd7 Nxd7 13. b3 f5 14. Bb2 fxe4
15. Rxe4 Nf6 16. Ra4 Bf5 17. Ne4 Nxe4 18. dxe4 Bg4 19. Nd2 Bg5 20. Nf1 Bh4 21.
Ng3 Bd7 22. Ra5 Rf7 23. Rd1 Raf8 24. f3 Bc8 25. Bc1 Be7 26. Be3 c6 27. Ra4 Kh8
28. Rd2 Rd8 29. c4 Kg8 30. Rd1 Rdf8 31. a3 Re8 32. Rd3 Rd8 33. Rd1 Rff8 34. Ra5
Rde8 35. Rd2 Bd8 36. Ra4 Bc7 37. Rd1 Rf6 38. Nh5 Rg6 39. Ng3 Rf8 40. Rd2 Bb8
41. Nf5 Rf7 42. Nh4 Re6 43. Rd3 Bc7 44. Nf5 h6 45. Bf2 Kh8 46. Rd1 Rg6 47. Rd3
Rgf6 48. Bh4 Re6 49. Rd1 Bb7 50. Rd2 Kg8 51. Kf1 Rf8 52. Rd1 Kh7 53. Rd2 g6 54.
Ne3 Kh8 55. Bg3 Bd8 56. Bf2 Bf6 57. Rd1 Bg7 58. Ra5 Rf7 59. Rd2 Bf6 60. Rd1 Bd8
61. Ra4 Bg5 62. Kg1 Bf4 63. Nc2 Rf8 64. Be1 Kg8 65. Ra5 Bg5 66. Bf2 Bf6 67. Bg3
Bd8 68. Ra4 Rf7 69. Ne3 h5 70. Nc2 Kh8 71. Bf2 Rf8 72. Be3 g5 73. Bf2 g4 74.
fxg4 hxg4 75. Be3 Rg6 76. Rd2 Rgf6 77. Rd1 Bc7 78. Rb1 R8f7 79. Re1 Rg7 80. Rb1
g3 81. h3 Rh7 82. Rd1 Rff7 83. Rd3 Rh4 84. Bg5 Rxe4 85. Rxg3 Re2 86. Rc3 Bb6
87. Be3 Bc8 88. Bh6 d5 89. cxd5 cxd5 90. Rh4 Bf5 91. Ne3 d4 92. Nxf5 Rxf5 93.
Rg3 Bd8 94. Bg7+ Kg8 95. Rh8+ Kf7 96. Rf8+ Ke6 97. Rg6+ Bf6 98. Bxf6 Kd5 99.
Rd8+ Ke4 100. Be7 Rf7 101. Bxc5 Rc2 102. b4 a5 103. Re6 axb4 104. Bxd4 Rf5 105.
axb4 Rc1+ 106. Kh2 Rc2 107. b5 Rg5 108. h4 Rcxg2+ 109. Kh1 R5g4 110. Rxe5+ Kd3
111. b6 Rg8 112. Re3+ Kc4 113. Rc3+ Kb4 114. b7 Rxd8 115. Rc8 Rxd4 116. b8=Q+
Ka3 117. Rc3+ Ka2 118. Qb3+ Ka1 119. Rc1# {Hossa checkmated} 1-0

[Event "ICS Rated blitz match"]
[Site "207.99.83.229"]
[Date "1999.06.08"]
[Round "?"]
[White "Hossa"]
[Black "Amateur"]
[Result "1-0"]
[WhiteElo "2634"]
[BlackElo "2622"]
[PlyCount "97"]

1. e4 e5 2. Nf3 Nc6 3. Bc4 Bc5 4. c3 Nf6 5. d4 exd4 6. cxd4 Bb4+ 7. Bd2 Nxe4 8.
Bxb4 Nxb4 9. Bxf7+ Kxf7 10. Qb3+ Ke8 11. Qxb4 Qe7 12. Qxe7+ Kxe7 13. O-O d5 14.
Ne5 Rf8 15. f3 Nd6 16. Re1 Be6 17. Nc3 Rae8 18. a4 Rf5 19. Nb5 Nxb5 20. axb5
Ra8 21. Ra4 Rff8 22. Rea1 Kd6 23. g3 b6 24. Rxa7 Rxa7 25. Rxa7 Bf5 26. Ra3 Bc8
27. h4 Rf6 28. Rc3 Bb7 29. f4 Re6 30. h5 Re7 31. h6 g6 32. b4 Re8 33. Kh2 Re7
34. g4 Re6 35. Nf7+ Kd7 36. Ng5 Re2+ 37. Kg3 Re7 38. Kf3 Kd8 39. Re3 Rd7 40. f5
gxf5 41. gxf5 Re7 42. Rxe7 Kxe7 43. Nxh7 Bc8 44. Kg4 Kf7 45. Ng5+ Kg8 46. h7+
Kh8 47. Kh5 Bxf5 48. Kh6 Bxh7 49. Nxh7 {Amateur resigns} 1-0

[Event "ICS Rated blitz match"]
[Site "207.99.83.229"]
[Date "1999.06.08"]
[Round "?"]
[White "Amateur"]
[Black "Hossa"]
[Result "1/2-1/2"]
[WhiteElo "2607"]
[BlackElo "2649"]
[PlyCount "172"]

1. c4 Nf6 2. Nc3 e5 3. Nf3 Nc6 4. g3 Bb4 5. Nd5 e4 6. Nxb4 Nxb4 7. Nh4 Qe7 8.
Bg2 d6 9. Qa4+ Nc6 10. d3 O-O 11. dxe4 Nxe4 12. Be3 Bd7 13. O-O Bg4 14. Qb5
Rab8 15. Qb3 Rfe8 16. Rfd1 Qe6 17. Rd5 Bh3 18. Bf3 b6 19. Qa4 Qd7 20. Rad1 a5
21. a3 Ne5 22. Qxd7 Nxd7 23. R5d4 Ndf6 24. Ng2 c5 25. R4d3 Be6 26. Rc1 b5 27.
b3 bxc4 28. bxc4 Rb2 29. Bxe4 Nxe4 30. f3 Nf6 31. Rxd6 Bd7 32. Bg5 Rexe2 33.
Nf4 Rbd2 34. Rxd2 Rxd2 35. Nd5 Rd3 36. Bxf6 gxf6 37. Nxf6+ Kg7 38. Nxd7 Rxd7
39. Rc3 Rd2 40. h4 f5 41. Rb3 Rc2 42. Rb5 Rxc4 43. Rxa5 Rc1+ 44. Kf2 Kg6 45.
Ra6+ Kg7 46. Ke3 c4 47. a4 c3 48. Ra7+ Kh6 49. Ra6+ Kg7 50. Kd4 Rg1 51. Rc6
Rxg3 52. Rxc3 Rh3 53. Ke5 Rxh4 54. f4 Rh5 55. a5 Rh2 56. a6 Ra2 57. Rc7+ Kg6
58. a7 h5 59. Kd5 h4 60. Kc6 h3 61. Kb7 Rb2+ 62. Kc8 Ra2 63. Rc6+ Kh5 64. Kb7
h2 65. Rc1 Rb2+ 66. Kc7 Rc2+ 67. Rxc2 h1=Q 68. Rc6 Qa1 69. Kb7 Qb2+ 70. Rb6
Qg7+ 71. Kb8 Qf8+ 72. Kb7 Qe7+ 73. Kb8 Qe8+ 74. Kb7 Qe4+ 75. Rc6 Qe7+ 76. Ka6
Qf8 77. Kb7 Qf7+ 78. Kb8 Qb3+ 79. Kc8 Qa4 80. Kb7 Qb5+ 81. Kc7 Qa5+ 82. Kb7
Qb4+ 83. Ka6 Qa3+ 84. Kb7 Qb4+ 85. Ka6 Qa3+ 86. Kb7 86... Qb4+ {
Game drawn by repetition} 1/2-1/2